Central Library OPAC University of Rajshahi

An introduction to animal behavior : (Record no. 73321)

MARC details
000 -LEADER
fixed length control field 00962nam a2200277 a 4500
001 - CONTROL NUMBER
control field 73321
003 - CONTROL NUMBER IDENTIFIER
rucl marc code BD-RjUL
005 - DATE AND TIME OF LATEST TRANSACTION
control field 20211209082359.0
008 - FIXED-LENGTH DATA ELEMENTS--GENERAL INFORMATION
fixed length control field 170530s1967 njua b 001 0 eng d
035 ## - SYSTEM CONTROL NUMBER
System control number (BD-RjUL)73539
040 ## - CATALOGING SOURCE
Original cataloging agency DLC
Transcribing agency DLC
Modifying agency BD-RjUL
Language of cataloging eng
041 ## - LANGUAGE CODE
Language code of text/sound track or separate title eng
082 00 - DEWEY DECIMAL CLASSIFICATION NUMBER
Edition number 23
Classification number 591.5
Author mark and year KLI 1967
100 1# - MAIN ENTRY--PERSONAL NAME
Personal name Klopfer, Peter H.
9 (RLIN) 216883
245 13 - TITLE STATEMENT
Title An introduction to animal behavior :
Remainder of title ethology's first century /
Statement of responsibility, etc. [by] Peter H. Klopfer [and] Jack P. Hailman.
260 ## - PUBLICATION, DISTRIBUTION, ETC. (IMPRINT)
Place of publication, distribution, etc. Englewood Cliffs :
Name of publisher, distributor, etc. Prentice-Hall,
Date of publication, distribution, etc. c1967.
300 ## - PHYSICAL DESCRIPTION
Pagination xiv, 297 p. :
Illustrations ill. ;
Size 24 cm.
490 0# - SERIES STATEMENT
Series statement Prentice-Hall biological science series.
504 ## - BIBLIOGRAPHY, ETC. NOTE
Bibliography, etc Includes bibliographies and indexes.
650 #0 - SUBJECT ADDED ENTRY--TOPICAL TERM
Topical term or geographic name as entry element Animal behavior.
9 (RLIN) 216884
Topical term or geographic name as entry element Animal behavior
General subdivision History.
9 (RLIN) 159057
700 1# - ADDED ENTRY--PERSONAL NAME
Personal name Hailman, Jack Parker.
Dates associated with a name 1936-
Relator term joint author.
830 ## - SERIES ADDED ENTRY--UNIFORM TITLE
Uniform title Prentice-Hall biological science series.
942 ## - ADDED ENTRY ELEMENTS (KOHA)
Source of classification or shelving scheme Dewey Decimal Classification
Koha item type Books
Holdings
Lost status Source of classification or shelving scheme Damaged status Not for loan Collection code Permanent Location Current Location Shelving location Date acquired Source of acquisition Cost, normal purchase price Total Checkouts Full call number Date last seen Copy number Koha item type
  Dewey Decimal Classification   Not For Loan Non-fiction Central Library, University of Rajshahi Central Library, University of Rajshahi Reading Room 20/08/1973 Ideal Library 76.50   591.5 KLI 1967 30/05/2017 C-1 Books